000 00391nam a2200133Ia 4500
005 20260326100040.0
008 260326s9999||||xx |||||||||||||| ||und||
100 _aTéllez Castañeda, Germán
245 0 _aHerencia Colonial en Cartagena de Indias VIII /
_cGermán Téllez Castañeda
260 _bFondo Cultural Cafetero
300 _a178 p.
650 _aARQUITECTURA REGIONAL
942 _cBK
999 _c6960
_d6960